000
00344 a2200169 4500
001
186548
020
_a
885-08-06645-5
040
_c
Magnum
100
_a
Saki, Mii
240
1
0
_a
A estrela-do-mar
_l
por
245
1
0
_a
A estrela-do-mar
300
_a
24
362
0
_a
1997
440
1
_a
Ática
697
_a
LITERATURA INFANTO
942
_c
BK
999
_c
186548
_d
186548